Čítanie hieroglyfov z celuloidu Po prvom kole Európskej ligy v stolnom tenise

Bibliographic Details
Main Author: (hap+og) (Author)
Format: Article
Language:Slovak
Subjects:

MARC

LEADER 00000nab a2200000 a 4500
001 vtls000199667
003 SK-MaSNL
005 20260302201321.0
008 160201c1984 xo 0 slo
015 |a SNBRB19rr/mm-uuuuu 
035 |a CL0209780 
040 |a SNKBUCL  |b slo  |c SNKBUCL  |e AACR2 
041 0 |a slo 
044 |a xo  |c SK 
080 |a 796.386.093.1(4)  |2 1981 
100 1 |a (hap+og)  |4 aut  |9 921318 
245 1 0 |a Čítanie hieroglyfov z celuloidu  |b Po prvom kole Európskej ligy v stolnom tenise  |c (hap+og) 
650 0 7 |a stolný tenis  |2 snkbucl  |9 25562 
651 7 |a 3211  |2 snkbucl  |9 921443 
655 7 |a články z novín a časopisov  |2 snkbucl  |9 267496 
773 0 |t Šport  |g Roč. 38, č. 224 (21. 9. 1984), s. 2 
850 |a Slovenská národná knižnica v Martine  |a MTA001 
852 |a SNK  |b KIS3GCP 
958 |a RK 
958 |a CZ 
992 |a RBX 
999 |c 1460414  |d 1462344